MARC

LEADER 00000nam0a2200000 4500
001 72632
005 20231031083722.0
035 |a (RuTPU)RU\TPU\book\77459 
090 |a 72632 
100 |a 20050128d1967 km y0rusy50 ca 
101 0 |a rus 
102 |a RU 
105 |a a g 000zy 
200 1 |a Автоматический контроль и регулирование в черной металлургии  |e справочник  |f М. Д. Климовицкий, А. П. Копелович 
210 |a Москва  |c Металлургия  |d 1967 
215 |a 787 с.  |c ил. 
610 1 |a черная металлургия 
610 1 |a автоматизация 
610 1 |a автоматический контроль 
610 1 |a регулирование 
610 1 |a измерение 
610 1 |a температура 
610 1 |a жидкости 
610 1 |a газы 
610 1 |a пар 
610 1 |a расходы 
610 1 |a уровень 
610 1 |a физико-химические величины 
610 1 |a показания приборов 
610 1 |a проектирование 
610 1 |a автоматические регуляторы 
610 1 |a вычислительная техника 
610 1 |a агрегаты 
610 1 |a управление 
610 1 |a производство 
610 1 |a давление 
610 1 |a справочники 
675 |a 621.7М(035)  |v 3 
700 1 |a Климовицкий  |b М. Д.  |g Михаил Давидович 
701 1 |a Копелович  |b А. П.  |g Александр Павлович 
801 1 |a RU  |b 63413507  |c 20050128  |g PSBO 
801 2 |a RU  |b 63413507  |c 20220902  |g PSBO 
942 |c BK